[Event "Quebec-ch U16/U18"]
[Site "Montreal CAN"]
[Date "2020.02.22"]
[Round "2.5"]
[White "Bilodeau-Savaria, Carl-William"]
[Black "Mai, Deren"]
[Result "1-0"]
[WhiteElo "1582"]
[BlackElo "1563"]
[PlyCount "83"]
[EventDate "2020.02.22"]
[EventType "swiss"]
[EventRounds "4"]
[EventCountry "CAN"]

1. d4 Nf6 2. c4 e6 3. Nf3 d5 4. Nc3 Be7 5. Bg5 O-O 6. e3 h6 7. Bh4 b6 8. cxd5
exd5 9. Bd3 Bb7 10. Qc2 Nbd7 11. O-O Rc8 12. Nb5 a6 13. Na7 Ra8 14. Nc6 Bxc6
15. Qxc6 Ra7 16. Rac1 Nb8 17. Qc2 Qd6 18. Bg3 Qd7 19. Bf5 Qb5 20. Bxc7 Nbd7 21.
Bg3 Nh5 22. a4 Qb4 23. Be5 Nxe5 24. Nxe5 Qd6 25. Bh7+ Kh8 26. Nxf7+ Rxf7 27.
Bg6 Rf8 28. Bxh5 Bd8 29. Qc6 Qb4 30. Qxd5 Qxb2 31. Rb1 Qc2 32. Qb3 Qf5 33. Bf3
Bc7 34. Qd5 Qf6 35. Rfc1 Qh4 36. h3 Qf6 37. Rc6 Qe7 38. Rbc1 Rd8 39. Qc4 Bb8
40. Rxb6 Rc7 41. Rc6 Rdc8 42. Qxa6 1-0

[Event "Quebec-ch U16/U18"]
[Site "Montreal CAN"]
[Date "2020.02.22"]
[Round "2.6"]
[White "Yang, Kun"]
[Black "Farahdel, Anahita"]
[Result "1-0"]
[WhiteElo "1133"]
[BlackElo "1528"]
[PlyCount "63"]
[EventDate "2020.02.22"]
[EventType "swiss"]
[EventRounds "4"]
[EventCountry "CAN"]

1. c4 e5 2. Nc3 Nf6 3. g3 Nc6 4. Bg2 Bc5 5. Rb1 a6 6. a3 d6 7. b4 Ba7 8. a4 Bf5
9. d3 Rb8 10. b5 axb5 11. axb5 Ne7 12. Nf3 c6 13. Nh4 Bd7 14. Ba3 Qc7 15. Qb3
Nc8 16. O-O Bd4 17. Rfc1 Bb6 18. Nf3 Ba5 19. Nd2 c5 20. Nde4 Nxe4 21. Nd5 Qd8
22. Bxe4 Ne7 23. Nxe7 Qxe7 24. b6 O-O 25. Rb2 Rfc8 26. Ra1 h6 27. Rab1 Qd8 28.
Ra2 Qe7 29. Bc1 Bb4 30. Ra7 Bc6 31. Bxc6 Rxc6 32. Qa4 1-0

[Event "Quebec-ch U16/U18"]
[Site "Montreal CAN"]
[Date "2020.02.22"]
[Round "2.8"]
[White "Gribble, Nicolas"]
[Black "Ghannoum, Christopher"]
[Result "0-1"]
[WhiteElo "1207"]
[BlackElo "1241"]
[PlyCount "54"]
[EventDate "2020.02.22"]
[EventType "swiss"]
[EventRounds "4"]
[EventCountry "CAN"]

1. d4 Nf6 2. Nc3 d5 3. Bf4 e6 4. e3 c5 5. Nb5 Na6 6. c3 Be7 7. Nf3 Nh5 8. Bg3
O-O 9. Ne5 Nxg3 10. fxg3 Bf6 11. Bd3 Bxe5 12. dxe5 Qg5 13. Qe2 Qxe5 14. O-O-O
Bd7 15. Na3 c4 16. Bc2 Nc5 17. Kb1 Ba4 18. Bxa4 Nxa4 19. Nb5 a6 20. Nd4 Nc5 21.
Nf3 Qe4+ 22. Ka1 Nd3 23. Ng5 Qe5 24. Qh5 h6 25. h4 Nf2 26. Rdf1 Nxh1 27. Rxh1
f6 0-1

[Event "Quebec-ch U16/U18"]
[Site "Montreal CAN"]
[Date "2020.02.22"]
[Round "3.2"]
[White "Martinez-Mulet, Dario"]
[Black "Tanaka, Tyler"]
[Result "0-1"]
[WhiteElo "2195"]
[BlackElo "2282"]
[PlyCount "136"]
[EventDate "2020.02.22"]
[EventType "swiss"]
[EventRounds "4"]
[EventCountry "CAN"]

1. d4 Nf6 2. c4 g6 3. Nf3 Bg7 4. Nc3 O-O 5. e4 d6 6. Be2 c5 7. d5 e6 8. O-O
exd5 9. exd5 Bg4 10. h3 Bxf3 11. Bxf3 Na6 12. Bf4 Nc7 13. Qd2 Rb8 14. a4 a6 15.
Be2 Re8 16. Rab1 Ne4 17. Nxe4 Rxe4 18. b4 cxb4 19. Rxb4 a5 20. Rb3 Na6 21. Be3
b6 22. Rfb1 Nb4 23. Bd3 Re8 24. Bg5 Bf6 25. Bf4 Be5 26. Bg5 Qd7 27. h4 Qxa4 28.
h5 Qa2 29. Qxa2 Nxa2 30. Rxb6 Nb4 31. Rxb8 Rxb8 32. Bd2 Kg7 33. hxg6 hxg6 34.
Kf1 Bd4 35. Be2 Kf6 36. Bf3 Rh8 37. g3 Rb8 38. Bxb4 axb4 39. Be2 b3 40. Bd1 b2
41. Ke2 Rb4 42. Kd3 Bxf2 43. g4 Bg3 44. Kc3 Rb8 45. Bb3 Be5+ 46. Kc2 Kg5 47.
Ba2 Kxg4 48. Rg1+ Kh5 49. Kb1 Rb7 50. Re1 Rc7 51. Rxe5+ dxe5 52. Kxb2 Kg5 53.
d6 Rc6 54. c5 Rxc5 55. Bxf7 Kf6 56. d7 Rb5+ 57. Kc3 Rb8 58. Be8 g5 59. Kd3 Kf5
60. Ke3 Rd8 61. Kf3 g4+ 62. Ke3 e4 63. Kf2 Kf4 64. Kg2 e3 65. Kf1 g3 66. Bh5
Rxd7 67. Be2 Rd2 68. Ba6 Rf2+ 0-1

[Event "Quebec-ch U16/U18"]
[Site "Montreal CAN"]
[Date "2020.02.23"]
[Round "3.3"]
[White "Ouellet, Maili-Jade"]
[Black "Bilodeau-Savaria, Carl-William"]
[Result "0-1"]
[WhiteElo "2350"]
[BlackElo "1582"]
[PlyCount "73"]
[EventDate "2020.02.22"]
[EventType "swiss"]
[EventRounds "4"]
[EventCountry "CAN"]

1. d4 d5 2. c4 e6 3. Nf3 Nf6 4. Nc3 c6 5. Bg5 Be7 6. e3 h6 7. Bh4 O-O 8. Qc2
Nbd7 9. Bd3 dxc4 10. Bxc4 b5 11. Bd3 a6 12. O-O c5 13. a4 b4 14. Ne4 cxd4 15.
Nxd4 Bb7 16. Nxf6+ Bxf6 17. Bxf6 Nxf6 18. Rfd1 Rc8 19. Qe2 Qa5 20. Nb3 Qg5 21.
f4 Qh4 22. g3 Qg4 23. Qxg4 Nxg4 24. Na5 Bd5 25. e4 Rc5 26. exd5 Rxa5 27. dxe6
fxe6 28. Bc4 Re8 29. Rd6 Kf8 30. Rxa6 Rxa6 31. Bxa6 Rd8 32. Re1 Rd2 33. Re2
Rxe2 34. Bxe2 Ne3 35. a5 Nd5 36. a6 Nb6 37. a7 0-1

[Event "Quebec-ch U16/U18"]
[Site "Montreal CAN"]
[Date "2020.02.23"]
[Round "3.4"]
[White "Wu, Tony (Dongze)"]
[Black "Bilodeau-Savaria, Sandy-Rose"]
[Result "1-0"]
[WhiteElo "2076"]
[BlackElo "1510"]
[PlyCount "59"]
[EventDate "2020.02.22"]
[EventType "swiss"]
[EventRounds "4"]
[EventCountry "CAN"]

1. d4 d5 2. Nf3 Nf6 3. g3 e6 4. Bg2 c5 5. c4 Bd6 6. O-O O-O 7. cxd5 exd5 8. Nc3
h6 9. h3 Be6 10. Be3 b6 11. Rc1 a6 12. Ne5 Nbd7 13. Nxd7 Qxd7 14. dxc5 Bxc5 15.
Bxc5 bxc5 16. Na4 Rab8 17. Nxc5 Qd6 18. Qd4 Rfd8 19. Rfd1 Qb6 20. Na4 Qb4 21.
Qxb4 Rxb4 22. b3 d4 23. Nc5 Rb6 24. e3 a5 25. exd4 Rb4 26. Nb7 Rdxd4 27. Nxa5
Nd5 28. Nc6 Rxd1+ 29. Rxd1 Rb5 30. Bxd5 1-0

[Event "Quebec-ch U16/U18"]
[Site "Montreal CAN"]
[Date "2020.02.23"]
[Round "3.5"]
[White "Ghannoum, Christopher"]
[Black "Tinica, Gabriel"]
[Result "0-1"]
[WhiteElo "1241"]
[BlackElo "2032"]
[PlyCount "150"]
[EventDate "2020.02.22"]
[EventType "swiss"]
[EventRounds "4"]
[EventCountry "CAN"]

1. b3 d6 2. Bb2 Nd7 3. Nf3 Ngf6 4. g3 g6 5. Bg2 Bg7 6. O-O O-O 7. d4 c5 8. e3
Rb8 9. c4 a6 10. Nc3 b5 11. Qe2 Qb6 12. cxb5 axb5 13. Rab1 Ba6 14. Qd2 b4 15.
Ne2 Bb5 16. Rfe1 Ra8 17. dxc5 Nxc5 18. Bxf6 Bxf6 19. Nfd4 Bxe2 20. Bxa8 Bd3 21.
Bg2 Bxb1 22. Rxb1 Rc8 23. Rc1 Rc7 24. Rc4 Na6 25. Bf1 Rxc4 26. Bxc4 Nc5 27. Ne2
e6 28. Nd4 Ne4 29. Qb2 d5 30. Bd3 Nc3 31. Ne2 Qa5 32. Nxc3 bxc3 33. b4 Qa4 34.
Qb3 Qxb3 35. axb3 Kf8 36. Kf1 d4 37. e4 Be7 38. b5 Bc5 39. Ke2 e5 40. g4 g5 41.
Bc4 f6 42. Kd3 Ke7 43. f3 Kd6 44. h3 Bb4 45. Kc2 Kc5 46. Kc1 Ba5 47. Kc2 Kb4
48. Kc1 d3 49. Bxd3 Kxb3 50. Kb1 Kb4 51. Kc2 Kc5 52. Be2 Kd4 53. Bd1 Bb6 54.
Be2 Ke3 55. Bd1 Kd4 56. Be2 Bd8 57. Bd1 Ba5 58. Be2 Ke3 59. Bd1 Kf2 60. b6 Bxb6
61. Kxc3 Kg3 62. Kc4 Kxh3 63. Kd5 Be3 64. Ke6 Kh4 65. Kxf6 Bf4 66. Ke6 h5 67.
gxh5 Kxh5 68. Kd5 Kh4 69. Kc4 Kg3 70. Kd3 Kf2 71. Kc3 Ke1 72. Kc2 Bd2 73. f4
gxf4 74. Bh5 Be3 75. Kd3 Bd4 0-1

[Event "Quebec-ch U16/U18"]
[Site "Montreal CAN"]
[Date "2020.02.23"]
[Round "3.6"]
[White "Craciun, David"]
[Black "Yang, Kun"]
[Result "1-0"]
[WhiteElo "1930"]
[BlackElo "1133"]
[PlyCount "61"]
[EventDate "2020.02.22"]
[EventType "swiss"]
[EventRounds "4"]
[EventCountry "CAN"]

1. d4 Nf6 2. Bf4 e6 3. e3 Be7 4. h3 d5 5. Nf3 Nbd7 6. Bd3 c5 7. c3 b6 8. Ne5
Bb7 9. Nd2 Rc8 10. O-O O-O 11. Qf3 c4 12. Bxc4 Ne4 13. Nxe4 Nxe5 14. dxe5 dxc4
15. Nf6+ gxf6 16. Qxb7 Rc7 17. Qf3 f5 18. Bh6 Bh4 19. Rfd1 Qe7 20. Qf4 Rd7 21.
Rxd7 Qxd7 22. Qxh4 f6 23. Qg3+ Kh8 24. Bxf8 Qf7 25. Bh6 Qg6 26. Rd1 Qxg3 27.
fxg3 Kg8 28. Rd7 a5 29. exf6 b5 30. f7+ Kh8 31. f8=R# 1-0

[Event "Quebec-ch U16/U18"]
[Site "Montreal CAN"]
[Date "2020.02.23"]
[Round "3.7"]
[White "Mai, Deren"]
[Black "Crete, Mathys"]
[Result "1-0"]
[WhiteElo "1126"]
[BlackElo "1563"]
[PlyCount "55"]
[EventDate "2020.02.22"]
[EventType "swiss"]
[EventRounds "4"]
[EventCountry "CAN"]

1. e4 e5 2. Nf3 Nf6 3. Bc4 Nc6 4. d3 d5 5. exd5 Nxd5 6. Qe2 Qd6 7. d4 Bg4 8.
Qe4 Bxf3 9. Qxf3 O-O-O 10. O-O exd4 11. Qxf7 Ne5 12. Qf5+ Rd7 13. Re1 Ne3 14.
fxe3 Qc5 15. Be6 Kd8 16. Bxd7 Nxd7 17. Qxc5 Nxc5 18. exd4 Nd7 19. Bg5+ Nf6 20.
c4 c5 21. d5 Bd6 22. Nc3 Kd7 23. Ne4 Re8 24. Nxf6+ gxf6 25. Rxe8 Kxe8 26. Bxf6
Kf7 27. Re1 Kxf6 28. Re6+ 1-0

[Event "Quebec-ch U16/U18"]
[Site "Montreal CAN"]
[Date "2020.02.23"]
[Round "4.2"]
[White "Tinica, Gabriel"]
[Black "Ouellet, Maili-Jade"]
[Result "0-1"]
[WhiteElo "2032"]
[BlackElo "2350"]
[PlyCount "90"]
[EventDate "2020.02.22"]
[EventType "swiss"]
[EventRounds "4"]
[EventCountry "CAN"]

1. d4 Nf6 2. Bf4 d5 3. e3 c5 4. c3 Nc6 5. Nf3 Bg4 6. Nbd2 e6 7. Qb3 Qb6 8. Bb5
Nd7 9. O-O Be7 10. c4 O-O 11. cxd5 exd5 12. Bxc6 bxc6 13. dxc5 Bxc5 14. Qxb6
axb6 15. a3 Rfc8 16. h3 Bf5 17. Nb3 Be7 18. Rac1 c5 19. Rfd1 Bf6 20. Rd2 h6 21.
Rcd1 Be6 22. Nc1 c4 23. Nd4 c3 24. bxc3 Rxc3 25. Bd6 Nc5 26. Nb5 Rc4 27. Nc7
Rd8 28. Bxc5 Rxc5 29. Nxe6 fxe6 30. Ne2 Ra8 31. Rb1 Ra6 32. Nd4 Kf7 33. Rdb2 e5
34. Nf3 Rc6 35. Rb5 Ke6 36. Ne1 Bd8 37. R5b3 Rc4 38. Nd3 Rca4 39. Nb4 Ra8 40.
Rc3 Rxa3 41. Rc6+ Kd7 42. Rbc1 R8a5 43. Rg6 Bf6 44. Kh2 Rb5 45. Nc2 Rc3 0-1

[Event "Quebec-ch U16/U18"]
[Site "Montreal CAN"]
[Date "2020.02.23"]
[Round "4.3"]
[White "Wu, Tony (Dongze)"]
[Black "Huang, Qiuyu"]
[Result "0-1"]
[WhiteElo "2076"]
[BlackElo "2209"]
[PlyCount "92"]
[EventDate "2020.02.22"]
[EventType "swiss"]
[EventRounds "4"]
[EventCountry "CAN"]

1. d4 d6 2. Nf3 g6 3. g3 Bg7 4. Bg2 Nd7 5. O-O e5 6. dxe5 dxe5 7. c4 Ne7 8. Nc3
O-O 9. h4 Nb6 10. c5 Qxd1 11. Rxd1 Nd7 12. Na4 f5 13. Ng5 Nf6 14. Nc3 c6 15. e4
h6 16. Nf3 Ng4 17. Rd6 Kf7 18. Be3 Be6 19. Rad1 Nxe3 20. fxe3 Bf6 21. Bf1 Nc8
22. R6d2 b6 23. b4 a5 24. cxb6 Nxb6 25. b5 Rfc8 26. Rd6 cxb5 27. Rxb6 Rxc3 28.
Rb7+ Kf8 29. Rd6 Re8 30. h5 Rxe3 31. Kf2 Rxe4 32. Bxb5 Be7 33. hxg6 Bxd6 34.
g7+ Kg8 35. Bxe8 Bc5+ 36. Kf1 Bc4+ 37. Kg2 Re2+ 38. Kh3 Bd5 39. Rc7 Bb6 40. Rd7
Bxf3 41. Bf7+ Kxg7 42. Bd5+ Kf6 43. Bxf3 Rb2 44. Rd6+ Kg5 45. g4 e4 46. Bd1 Bc7
0-1

[Event "Quebec-ch U16/U18"]
[Site "Montreal CAN"]
[Date "2020.02.23"]
[Round "4.4"]
[White "Bilodeau-Savaria, Carl-William"]
[Black "Martinez-Mulet, Dario"]
[Result "0-1"]
[WhiteElo "1582"]
[BlackElo "2195"]
[PlyCount "66"]
[EventDate "2020.02.22"]
[EventType "swiss"]
[EventRounds "4"]
[EventCountry "CAN"]

1. d4 d5 2. c4 c6 3. Nf3 Nf6 4. Nc3 e6 5. e3 Nbd7 6. b3 Bb4 7. Bd2 O-O 8. Bd3
Be7 9. O-O b6 10. Qe2 Bb7 11. cxd5 exd5 12. Rac1 a5 13. Rfe1 Re8 14. Na4 Bd6
15. Bc3 Ne4 16. Bb2 Re6 17. g3 h5 18. Nh4 g6 19. Nc3 Ndf6 20. Rf1 Qe7 21. Kg2
Re8 22. Nf3 c5 23. Bb5 Rd8 24. Rfe1 Ng4 25. Nxe4 dxe4 26. Ng1 cxd4 27. Bxd4 Ba3
28. Rc2 Rxd4 29. exd4 Nxf2 30. Kxf2 e3+ 31. Kf1 Qf6+ 32. Nf3 Bxf3 33. Qd3 Be4+
0-1

[Event "Quebec-ch U16/U18"]
[Site "Montreal CAN"]
[Date "2020.02.23"]
[Round "4.5"]
[White "Bilodeau-Savaria, Sandy-Rose"]
[Black "Craciun, David"]
[Result "0-1"]
[WhiteElo "1510"]
[BlackElo "1930"]
[PlyCount "72"]
[EventDate "2020.02.22"]
[EventType "swiss"]
[EventRounds "4"]
[EventCountry "CAN"]

1. d4 d5 2. c4 e6 3. Nf3 Be7 4. Nc3 Nf6 5. Bg5 O-O 6. e3 Nbd7 7. Bd3 dxc4 8.
Bxc4 a6 9. a4 c5 10. O-O Qc7 11. Bd3 Rd8 12. Rc1 b6 13. Ne4 Bb7 14. Bf4 Qc6 15.
Nc3 Nf8 16. dxc5 bxc5 17. Qc2 Ng6 18. Bg5 c4 19. Be2 h6 20. Bxf6 Bxf6 21. Na2
Ne5 22. Nb4 Qb6 23. Nxe5 Bxe5 24. Na2 Rac8 25. Rb1 f5 26. Nc3 g5 27. Rfd1 Qc7
28. h3 Qc6 29. Bf3 Qb6 30. Bxb7 Qxb7 31. Rxd8+ Rxd8 32. b3 Qg7 33. Ne2 c3 34.
Re1 Rd2 35. Qb1 Qd7 36. b4 c2 0-1

[Event "Quebec-ch U16/U18"]
[Site "Montreal CAN"]
[Date "2020.02.23"]
[Round "4.6"]
[White "Gribble, Nicolas"]
[Black "Farahdel, Anahita"]
[Result "0-1"]
[WhiteElo "1207"]
[BlackElo "1528"]
[PlyCount "46"]
[EventDate "2020.02.22"]
[EventType "swiss"]
[EventRounds "4"]
[EventCountry "CAN"]

1. d4 d5 2. Nc3 Nf6 3. Bf4 c6 4. e3 Bf5 5. Bd3 Bxd3 6. Qxd3 e6 7. Nf3 Nbd7 8.
h3 a6 9. Bg5 Bd6 10. e4 dxe4 11. Nxe4 Be7 12. Bf4 Nxe4 13. Qxe4 Nf6 14. Qd3 Nd5
15. Bd2 c5 16. dxc5 Bxc5 17. Nd4 Nb4 18. Bxb4 Bxb4+ 19. c3 Bc5 20. O-O Bxd4 21.
cxd4 Qd5 22. Rfc1 Rd8 23. Rc5 Qxc5 0-1

[Event "Quebec-ch U16/U18"]
[Site "Montreal CAN"]
[Date "2020.02.23"]
[Round "4.7"]
[White "Crete, Mathys"]
[Black "Ghannoum, Christopher"]
[Result "0-1"]
[WhiteElo "1126"]
[BlackElo "1241"]
[PlyCount "38"]
[EventDate "2020.02.22"]
[EventType "swiss"]
[EventRounds "4"]
[EventCountry "CAN"]

1. d4 Nf6 2. Nc3 d5 3. Bg5 e6 4. e4 dxe4 5. Nxe4 Be7 6. Nxf6+ Bxf6 7. Bxf6 Qxf6
8. Qg4 Nc6 9. O-O-O Qh6+ 10. f4 e5 11. Qe2 Qxf4+ 12. Rd2 Nxd4 13. Qc4 Be6 14.
Nh3 Qxd2+ 15. Kxd2 Bxc4 16. Bxc4 O-O-O 17. Bxf7 Rhf8 18. Ng5 Nf3+ 19. Ke2 Nxg5
0-1

[Event "RA March op"]
[Site "Ottawa CAN"]
[Date "2020.02.28"]
[Round "1"]
[White "Mahdjoubi, Abdelaziz"]
[Black "Demchenko, Svitlana"]
[Result "0-1"]
[WhiteElo "1955"]
[BlackElo "2268"]
[PlyCount "68"]
[EventDate "2020.02.28"]
[EventType "swiss"]
[EventRounds "5"]
[EventCountry "CAN"]

1. d4 Nf6 2. c4 g6 3. Nc3 Bg7 4. e4 d6 5. f3 O-O 6. Be3 Nc6 7. Nge2 a6 8. Ng3
e5 9. d5 Nd4 10. Bxd4 exd4 11. Nce2 c5 12. dxc6 bxc6 13. Nxd4 Qb6 14. Nb3 d5
15. c5 Qc7 16. Be2 h5 17. O-O h4 18. Nh1 Rd8 19. Qe1 h3 20. Qg3 Qe7 21. Rad1
Nh5 22. Qf2 hxg2 23. Rfe1 Nf4 24. Qe3 gxh1=Q+ 25. Kxh1 Be5 26. exd5 Nxd5 27.
Qf2 Qf6 28. Nd2 Bf5 29. Nc4 Bc7 30. Qd4 Qxd4 31. Rxd4 Re8 32. Rdd1 Ne3 33. Nd6
Nxd1 34. Nxe8 Rxe8 0-1

[Event "RA March op"]
[Site "Ottawa CAN"]
[Date "2020.02.28"]
[Round "1"]
[White "Masse, Hugues"]
[Black "Kearnan, Daniel"]
[Result "1-0"]
[WhiteElo "2283"]
[BlackElo "1958"]
[PlyCount "63"]
[EventDate "2020.02.28"]
[EventType "swiss"]
[EventRounds "5"]
[EventCountry "CAN"]

1. e4 e5 2. Nf3 Nc6 3. Bb5 Nf6 4. O-O Nxe4 5. d4 Nd6 6. Bxc6 dxc6 7. dxe5 Nf5
8. Qxd8+ Kxd8 9. Nc3 Bd7 10. b3 h6 11. Bb2 Kc8 12. Rad1 b6 13. Ne2 Be7 14. h3
c5 15. Nf4 Re8 16. Rfe1 Bc6 17. Nd5 Bf8 18. c4 Kb7 19. Rd3 Rad8 20. Red1 Kc8
21. g4 Ne7 22. Nh4 Bd7 23. f4 h5 24. f5 hxg4 25. hxg4 Nc6 26. Nf3 Nb4 27. Nxb4
cxb4 28. Ng5 Bc5+ 29. Bd4 Rf8 30. Bxc5 bxc5 31. e6 fxe6 32. fxe6 1-0

[Event "RA March op"]
[Site "Ottawa CAN"]
[Date "2020.02.28"]
[Round "1"]
[White "Xu, Daniel"]
[Black "Sambuev, Bator"]
[Result "0-1"]
[WhiteElo "2086"]
[BlackElo "2579"]
[PlyCount "124"]
[EventDate "2020.02.28"]
[EventType "swiss"]
[EventRounds "5"]
[EventCountry "CAN"]

1. d4 g6 2. c4 Bg7 3. Nf3 d6 4. Nc3 Nd7 5. e4 e5 6. Be2 Ne7 7. O-O O-O 8. Be3
exd4 9. Nxd4 Nc5 10. Qd2 Ne6 11. Rad1 Nc6 12. Nxe6 Bxe6 13. Nd5 Re8 14. Bg5 f6
15. Be3 Bf7 16. Bd3 Ne5 17. f4 Ng4 18. Bd4 c6 19. Ne3 Nxe3 20. Qxe3 f5 21. Bxg7
Kxg7 22. Qd4+ Qf6 23. Qxf6+ Kxf6 24. exf5 gxf5 25. Rde1 Rxe1 26. Rxe1 a5 27.
Kf2 a4 28. Re2 c5 29. a3 Ra6 30. Rd2 Rb6 31. Be2 Ke7 32. g3 Be6 33. Bd3 Bd7 34.
Be2 Ra6 35. Ke1 Ra8 36. Bd3 Rf8 37. Kf2 Bc6 38. Rd1 Ke6 39. Re1+ Kf6 40. Rb1
Rb8 41. b4 axb3 42. Rxb3 Ke6 43. Be2 Ra8 44. Bf3 Kd7 45. g4 fxg4 46. Bxg4+ Kc7
47. Rh3 b5 48. cxb5 Bxb5 49. Rxh7+ Kb6 50. Bf3 Bc6 51. Bxc6 Kxc6 52. f5 Rf8 53.
Rh5 Kd5 54. Ke2 Ke5 55. Rh3 Rxf5 56. a4 Kd5 57. a5 Kc6 58. a6 Kb6 59. Ra3 Ka7
60. Ra4 d5 61. Ra5 d4 62. Kd3 c4+ 0-1

[Event "RA March op"]
[Site "Ottawa CAN"]
[Date "2020.02.29"]
[Round "2"]
[White "Kearnan, Daniel"]
[Black "Xu, Daniel"]
[Result "0-1"]
[WhiteElo "1958"]
[BlackElo "2086"]
[PlyCount "76"]
[EventDate "2020.02.28"]
[EventType "swiss"]
[EventRounds "5"]
[EventCountry "CAN"]

1. d4 Nf6 2. c4 g6 3. Nc3 Bg7 4. e4 d6 5. f4 O-O 6. Nf3 c5 7. dxc5 Qa5 8. Bd3
Qxc5 9. Qe2 Nc6 10. Be3 Qa5 11. Rc1 Bg4 12. O-O Nd7 13. Qf2 Nc5 14. Bb1 Qb4 15.
a3 Qxc4 16. Ba2 Qa6 17. Bxc5 dxc5 18. e5 Bxf3 19. gxf3 Nd4 20. Rfe1 e6 21. Ne4
b6 22. Nd6 Rfd8 23. Bc4 Qa4 24. Bd3 Nf5 25. Re4 Qd7 26. Bb5 Qc7 27. Nxf5 gxf5
28. Ree1 Qe7 29. Ba6 Rd4 30. b4 Rad8 31. bxc5 bxc5 32. Rb1 Rxf4 33. Rb7 Qh4 34.
Qxh4 Rxh4 35. Rxa7 Ra4 36. Rb1 Bxe5 37. Rbb7 Bd4+ 38. Kg2 c4 0-1

[Event "RA March op"]
[Site "Ottawa CAN"]
[Date "2020.02.29"]
[Round "2"]
[White "Miller, Rachel"]
[Black "Ramesh, Sanjay"]
[Result "1-0"]
[WhiteElo "2128"]
[BlackElo "1973"]
[PlyCount "63"]
[EventDate "2020.02.28"]
[EventType "swiss"]
[EventRounds "5"]
[EventCountry "CAN"]

1. e4 c6 2. d4 d5 3. exd5 cxd5 4. Bd3 Nc6 5. c3 Qc7 6. Nf3 Bg4 7. Nbd2 e6 8.
Nf1 Bh5 9. Ng3 Bg6 10. O-O Bd6 11. Re1 Nf6 12. Nf1 O-O 13. Bxg6 hxg6 14. Ng5 b5
15. a3 Na5 16. Re3 Bf4 17. Rh3 Bxc1 18. Rxc1 Qf4 19. Nf3 Ne4 20. Rc2 Nc4 21.
Ne1 a5 22. Nd3 Qd6 23. Qg4 Qe7 24. f4 Rfb8 25. Re2 Qf6 26. Rh4 Qf5 27. Qf3 g5
28. Rg4 Qg6 29. fxg5 Qf5 30. Qh3 Nxg5 31. Qg3 f6 32. h4 1-0

[Event "RA March op"]
[Site "Ottawa CAN"]
[Date "2020.02.29"]
[Round "2"]
[White "Schofield, Mike"]
[Black "Pace, Chris"]
[Result "0-1"]
[WhiteElo "1940"]
[BlackElo "2267"]
[PlyCount "48"]
[EventDate "2020.02.28"]
[EventType "swiss"]
[EventRounds "5"]
[EventCountry "CAN"]

1. e4 g6 2. d4 Bg7 3. Nc3 c6 4. Be3 d5 5. exd5 cxd5 6. Qd2 Nc6 7. O-O-O a6 8.
h4 h5 9. Nf3 Nh6 10. Ne5 Nf5 11. Kb1 Bxe5 12. dxe5 d4 13. Qe1 Qa5 14. Bd2 Be6
15. a3 dxc3 16. Bxc3 Qb6 17. Bd3 O-O-O 18. Rd2 Qc5 19. Qe4 Qd5 20. Qxd5 Rxd5
21. f3 Rhd8 22. g4 hxg4 23. fxg4 Nh6 24. h5 g5 0-1

[Event "RA March op"]
[Site "Ottawa CAN"]
[Date "2020.02.29"]
[Round "2"]
[White "Zhu, Matthew"]
[Black "Masse, Hugues"]
[Result "0-1"]
[WhiteElo "1802"]
[BlackElo "2283"]
[PlyCount "124"]
[EventDate "2020.02.28"]
[EventType "swiss"]
[EventRounds "5"]
[EventCountry "CAN"]

1. d4 Nf6 2. Bf4 e6 3. Nf3 d5 4. e3 Bd6 5. Bxd6 Qxd6 6. c3 O-O 7. Nbd2 Nbd7 8.
Bd3 e5 9. dxe5 Nxe5 10. Nxe5 Qxe5 11. Nf3 Qe7 12. O-O Bg4 13. h3 Bh5 14. Be2 c6
15. Nd4 Bxe2 16. Qxe2 Ne4 17. Nf3 Rfe8 18. Nd2 Qh4 19. Nxe4 Rxe4 20. Rad1 Rae8
21. Qf3 g6 22. Rd4 Rxd4 23. exd4 Re4 24. Rd1 Qe7 25. Qg3 Re2 26. Qb8+ Kg7 27.
Qxa7 Rxb2 28. a4 Qe2 29. Rf1 h5 30. Qb8 Qe7 31. Ra1 h4 32. a5 Qf6 33. Rf1 Rb5
34. Ra1 Qf5 35. Qc7 Rb2 36. Rf1 Qf6 37. Qb8 Rb5 38. Ra1 Qe7 39. Qa7 Qd6 40. a6
bxa6 41. Qxa6 Rb2 42. Qd3 Qf4 43. Rf1 Rd2 44. Qb1 Qe4 45. Qxe4 dxe4 46. Re1 f5
47. Re3 Rd1+ 48. Kh2 Kf6 49. g3 hxg3+ 50. Kxg3 g5 51. Kg2 Rc1 52. f3 Rc2+ 53.
Kg1 exf3 54. Rxf3 f4 55. h4 Kf5 56. hxg5 Kxg5 57. Rd3 Kg4 58. d5 f3 59. dxc6
Kg3 60. Rd1 Rg2+ 61. Kf1 Rh2 62. Ke1 Rh1+ 0-1

[Event "RA March op"]
[Site "Ottawa CAN"]
[Date "2020.02.29"]
[Round "3"]
[White "Masse, Hugues"]
[Black "Sambuev, Bator"]
[Result "0-1"]
[WhiteElo "2283"]
[BlackElo "2579"]
[PlyCount "66"]
[EventDate "2020.02.28"]
[EventType "swiss"]
[EventRounds "5"]
[EventCountry "CAN"]

1. e4 e6 2. d4 d5 3. Nc3 Bb4 4. e5 c5 5. a3 Ba5 6. b4 cxd4 7. Qg4 Ne7 8. bxa5
dxc3 9. Qxg7 Rg8 10. Qxh7 Nbc6 11. Nf3 Qc7 12. Bf4 Bd7 13. a6 O-O-O 14. axb7+
Kb8 15. Bd3 f5 16. g3 d4 17. Kf1 Rh8 18. Qf7 Rdf8 19. Qg7 Rfg8 20. Qf7 Ng6 21.
Qf6 Nce7 22. Nxd4 Qb6 23. Be3 Nd5 24. Nxf5 Qb2 25. Ke2 Nxf6 26. exf6 exf5 27.
Rhb1 f4 28. f7 Rd8 29. Bd4 Bg4+ 30. Kf1 Rxd4 31. Rxb2 cxb2 32. Rb1 Ne5 33. Rxb2
Nxf7 0-1

[Event "RA March op"]
[Site "Ottawa CAN"]
[Date "2020.02.29"]
[Round "3"]
[White "Ning, Alwin"]
[Black "Miller, Rachel"]
[Result "0-1"]
[WhiteElo "1882"]
[BlackElo "2128"]
[PlyCount "118"]
[EventDate "2020.02.28"]
[EventType "swiss"]
[EventRounds "5"]
[EventCountry "CAN"]

1. e4 e5 2. Nf3 Nc6 3. Bc4 Bc5 4. d3 Nf6 5. h3 d6 6. O-O h6 7. Nc3 a6 8. Be3
Bxe3 9. fxe3 Na5 10. Bb3 Nxb3 11. axb3 Bd7 12. Qe1 Qe7 13. Qf2 O-O-O 14. Nh4
Rdf8 15. Nf5 Bxf5 16. Qxf5+ Nd7 17. Nd5 Qd8 18. Qh5 g6 19. Qf3 f5 20. exf5 Rxf5
21. Qg4 c6 22. Nc3 Rg5 23. Qe6 d5 24. Rf7 Re8 25. Qd6 Qc7 26. Qxc7+ Kxc7 27.
Raf1 Kd6 28. Rh7 h5 29. Rff7 Rd8 30. e4 a5 31. Nb1 dxe4 32. dxe4 Nf8 33. Rhg7
Kc5 34. Nc3 b5 35. Rg8 Ne6 36. Rxd8 Nxd8 37. Rf6 Nb7 38. Kf2 Nd6 39. g3 Nb7 40.
Nd1 b4 41. Ne3 Nd6 42. Kf3 Rxg3+ 43. Kxg3 Nxe4+ 44. Kh4 Nxf6 45. Kg5 Nd5 46.
Nc4 e4 47. Nd2 e3 48. Nf3 e2 49. h4 Ne7 50. Kf6 Nf5 51. Kg5 Kd5 52. Ne1 Ke4 53.
c3 Ke3 54. cxb4 axb4 55. Kxg6 Nxh4+ 56. Kxh5 Nf3 57. Ng2+ Kd2 58. Kg4 e1=Q 59.
Nxe1 Nxe1 0-1

[Event "RA March op"]
[Site "Ottawa CAN"]
[Date "2020.02.29"]
[Round "3"]
[White "Pace, Chris"]
[Black "Demchenko, Svitlana"]
[Result "1/2-1/2"]
[WhiteElo "2267"]
[BlackElo "2268"]
[PlyCount "51"]
[EventDate "2020.02.28"]
[EventType "swiss"]
[EventRounds "5"]
[EventCountry "CAN"]

1. d4 Nf6 2. c4 g6 3. Nc3 Bg7 4. Nf3 d6 5. e4 O-O 6. Be2 e5 7. dxe5 dxe5 8.
Qxd8 Rxd8 9. Bg5 c6 10. Nxe5 Re8 11. O-O-O Nxe4 12. Nxe4 Bxe5 13. f4 f5 14. Nd6
Bxd6 15. Rxd6 Na6 16. Bf3 Nc5 17. Rhd1 Ne6 18. Bh6 Kf7 19. h3 a5 20. b3 Nc5 21.
Kc2 a4 22. b4 Ne4 23. R6d4 c5 24. bxc5 Nxc5 25. Rb1 Be6 26. Bxb7 1/2-1/2

[Event "RA March op"]
[Site "Ottawa CAN"]
[Date "2020.02.29"]
[Round "3"]
[White "Xu, Daniel"]
[Black "Zhu, Matthew"]
[Result "1-0"]
[WhiteElo "2086"]
[BlackElo "1802"]
[PlyCount "69"]
[EventDate "2020.02.28"]
[EventType "swiss"]
[EventRounds "5"]
[EventCountry "CAN"]

1. d4 d5 2. c4 c6 3. Nf3 Nf6 4. Nc3 dxc4 5. a4 Bf5 6. e3 e6 7. Bxc4 Bb4 8. O-O
O-O 9. Qe2 Bg6 10. Ne5 Nbd7 11. Nxg6 hxg6 12. Rd1 Qa5 13. Bd2 Rac8 14. e4 e5
15. d5 Nb6 16. dxc6 Nxc4 17. Qxc4 Rxc6 18. Qb5 Qxb5 19. axb5 Rd6 20. f3 Bc5+
21. Kf1 a6 22. bxa6 bxa6 23. Na4 Rc8 24. Nxc5 Rxc5 25. Bb4 Rxd1+ 26. Rxd1 Rb5
27. Rd8+ Kh7 28. Bc3 g5 29. Ra8 g4 30. Rxa6 gxf3 31. gxf3 Nd7 32. Ra7 Nb6 33.
Rb7 f6 34. b4 Kg6 35. Be1 1-0